00923nam a2200265 a 450000100060000000300080000600500170001400800410003102000320007203500190010404000270012304100080015008200240015810000310018224500770021326000470029030000210033750000200035850400320037865000230041065000360043394200120046999900170048195201590049858062BD-RjUL20211209080601.0161215s1987 enk b 001 0 eng  a0631154868 :c$34.95 (U.S.) a(BD-RjUL)58186 aDLCcDLCdBD-RjULbeng aeng00a327.2223bDEO 19871 aDer Derian, James.917244510aOn diplomacy :ba genealogy of Western estrangement /cJames Der Derian. aNew York, NY, USA :bB. Blackwell,cc1987. a258 p. ;c24 cm. aIncludes index. aBibliography: p. [210]-253. 0aDiplomacy.9172446 0aAlienation (Philosophy)9172447 2ddccBK c58062d58062 00102ddc40718NFICaRUCLbRUCLcReadingd2008-02-09eDhaka paragon enterprises ltd.g81.90l0o327.2 DEO 1987r2016-12-15 00:00:00tC-1w2016-12-15yBK